| 000 | 00586nam a2200205Ia 4500 | ||
|---|---|---|---|
| 005 | 20250923145645.0 | ||
| 008 | 008 250917s9999 xx 000 0 eng d | ||
| 037 | _aTextual | ||
| 040 |
_aDSWL _beng _cDSWL |
||
| 041 |
_aeng _2eng |
||
| 084 |
_aY3:7:7.2, N84 _qDSWL |
||
| 100 |
_aMishra, S.N. _9837618 |
||
| 245 | 0 |
_aParticipation and Development _c by S.N. . Mishra |
|
| 260 |
_aNew Delhi _bDelhi National Book Org. _c1984 |
||
| 300 | _axiv,174 p. | ||
| 365 |
_aINR _b135.00 |
||
| 925 | _g135.00 | ||
| 942 |
_cTEXL _hY3:7:7.2, N84 |
||
| 999 |
_c1454000 _d1454000 |
||